Komparácia nákladov vo výrobnom a obchodnom podniku bakalárska práca

Guardado en:
Detalles Bibliográficos
Autor principal: Durec, Martin
Autor Corporativo: Fakulta hospodárskej informatiky EU. Katedra účtovníctva a audítorstva
Otros Autores: Števková, Lucia
Formato: Libro
Lenguaje:eslovaco
Publicado: Bratislava 2010
Etiquetas: Agregar Etiqueta
Sin Etiquetas, Sea el primero en etiquetar este registro!

MARC

LEADER 00000nam$a2200000$$$4500
001 0136733
005 20240320072807.9
041 0 |a slo 
044 |a SK 
245 1 0 |a Komparácia nákladov vo výrobnom a obchodnom podniku  |b bakalárska práca  |c Martin Durec ; školiteľ: Lucia Števková 
264 1 |a Bratislava  |c 2010 
300 |a 40 s. 
100 1 |a Durec, Martin 
700 1 |a Števková, Lucia 
710 2 |a Fakulta hospodárskej informatiky EU. Katedra účtovníctva a audítorstva